[Event "FRM-ch op 25th"]
[Site "Struga"]
[Date "2016.07.22"]
[Round "7"]
[White "Veleshnja, Ajet"]
[Black "Seviner, Kemal"]
[Result "1-0"]
[WhiteElo "1974"]
[BlackElo "1785"]
[PlyCount "139"]
[EventDate "2016.07.16"]
[EventType "swiss"]
[EventRounds "9"]
[EventCountry "MKD"]
[SourceTitle "CBM 173 Extra"]
[Source "ChessBase"]
[SourceDate "2016.08.29"]
[SourceVersion "1"]
[SourceVersionDate "2016.08.29"]
[SourceQuality "1"]

1. e4 c5 2. f4 Nc6 3. Nf3 e6 4. Be2 Nf6 5. d3 d5 6. e5 Nd7 7. c3 d4 8. Nbd2 f6 9. Qb3 Nb6 10. Ne4 Be7 11. 0-0 Qd5 12. c4 Qd8 13. exf6 gxf6 14. Qa3 Nb4 15. Ne1 0-0 16. Bd2 Na6 17. Bf3 Kh8 18. g3 Qc7 19. Ng2 Bd7 20. Nf2 Rae8 21. Bh5 Rd8 22. b3 Be8 23. Bg4 f5 24. Bf3 Bc6 25. Nh3 Bxf3 26. Rxf3 Rde8 27. Raf1 Qc6 28. Qc1 Nd7 29. Qe1 Rf6 30. Nh4 Rg8 31. Ng5 Nc7 32. R3f2 Nf8 33. Ngf3 Qe8 34. Qe5 Na6 35. Ng5 Nd7 36. Qe2 Nc7 37. Re1 h6 38. Ngf3 Rff8 39. Rg2 Rg7 40. h3 Rfg8 41. Kh2 Qh5 42. Reg1 b6 43. Qf2 Nf6 44. Ne5 Bd6 45. Qf3 Qxf3 46. Nhxf3 a6 47. g4 fxg4 48. hxg4 Nd7 49. Kh3 b5 50. Rh1 Nf8 51. g5 hxg5 52. Nxg5 Rxg5 53. Rxg5 Rxg5 54. Nf7+ Kg7 55. Nxg5 Ng6 56. Kg4 bxc4 57. bxc4 e5 58. Rh7+ Kg8 59. f5 Nf8 60. Rh6 Be7 61. Rc6 Ne8 62. Ne4 Kf7 63. Bg5 Bxg5 64. Nxg5+ Kg7 65. Rxa6 Nf6+ 66. Kf3 N8d7 67. Ne4 Kf7 68. Nxf6 Nxf6 69. Rxf6+ Kxf6 70. Ke4 1-0

[Event "FRM-ch op 25th"]
[Site "Struga"]
[Date "2016.07.18"]
[Round "3"]
[White "Disha, Beshim"]
[Black "Seviner, Kemal"]
[Result "1-0"]
[WhiteElo "1993"]
[BlackElo "1785"]
[PlyCount "102"]
[EventDate "2016.07.16"]
[EventType "swiss"]
[EventRounds "9"]
[EventCountry "MKD"]
[SourceTitle "CBM 173 Extra"]
[Source "ChessBase"]
[SourceDate "2016.08.29"]
[SourceVersion "1"]
[SourceVersionDate "2016.08.29"]
[SourceQuality "1"]

1. d4 d5 2. c4 c6 3. Nc3 Nf6 4. Nf3 e6 5. Bg5 Nbd7 6. cxd5 exd5 7. e3 Qa5 8. Qb3 Ne4 9. Bf4 Ndf6 10. Bd3 Qb4 11. Qc2 Bg4 12. Ne5 Bh5 13. 0-0 Nd6 14. a3 Qa5 15. b4 Qc7 16. h3 Be7 17. g4 Bg6 18. g5 Nh5 19. Nxd5 Qc8 20. Nxe7 Kxe7 21. Ng4 Nxf4 22. exf4 Re8 23. Rfe1+ Kf8 24. Rxe8+ Qxe8 25. f5 Bh5 26. Rf1 Qd7 27. Ne5 Qe7 28. f4 f6 29. Re1 fxe5 30. dxe5 Nf7 31. f6 Qe6 32. Bf5 Qd5 33. Be4 Qe6 34. Bf5 Qd5 35. Be4 Qe6 36. Kg2 Rd8 37. Bxh7 Rd4 38. Qc5+ Nd6 39. Qxd4 Ne8 40. Qc5+ Kf7 41. Qe7+ Qxe7 42. fxe7 g6 43. f5 gxf5 44. Bxf5 Kxe7 45. Kg3 Bf7 46. e6 Bg8 47. h4 Ng7 48. Bg4 Bxe6 49. h5 Kf7 50. h6 Nf5+ 51. Bxf5 Bxf5 1-0

[Event "FRM-ch op 25th"]
[Site "Struga"]
[Date "2016.07.16"]
[Round "1"]
[White "Saraci, Nderim"]
[Black "Seviner, Kemal"]
[Result "1-0"]
[WhiteElo "2303"]
[BlackElo "1785"]
[PlyCount "117"]
[EventDate "2016.07.16"]
[EventType "swiss"]
[EventRounds "9"]
[EventCountry "MKD"]
[SourceTitle "CBM 173 Extra"]
[Source "ChessBase"]
[SourceDate "2016.08.29"]
[SourceVersion "1"]
[SourceVersionDate "2016.08.29"]
[SourceQuality "1"]

1. d4 d5 2. Nf3 Nf6 3. c4 c6 4. Nc3 e6 5. Bg5 Nbd7 6. e3 Qa5 7. cxd5 Nxd5 8. Qb3 Bb4 9. Rc1 0-0 10. Be2 Re8 11. 0-0 Nxc3 12. bxc3 Ba3 13. Rcd1 b6 14. Bf4 Ba6 15. c4 Be7 16. e4 b5 17. c5 Bf8 18. Qc2 Rac8 19. e5 b4 20. Ng5 g6 21. h4 Bxe2 22. Qxe2 h6 23. Ne4 Qd8 24. h5 Qh4 25. Bd2 Qxh5 26. Qxh5 gxh5 27. Bxb4 Rb8 28. a3 Be7 29. Rd3 f5 30. Nd6 Bxd6 31. cxd6 Rb5 32. Rc1 Rd5 33. Rg3+ Kf7 34. Rxc6 h4 35. Rgc3 Rxd4 36. Rc7 Rd8 37. Rxa7 Kg6 38. f4 Nb6 39. Ba5 Rb8 40. Rb3 Nd7 41. Rxb8 Nxb8 42. Bc7 Nd7 43. Bd8 Nc5 44. Bb6 Rd1+ 45. Kf2 Ne4+ 46. Kf3 Rd3+ 47. Ke2 Rd2+ 48. Ke1 Rxg2 49. d7 Kh5 50. d8Q h3 51. Qe8+ Kg4 52. Qg6+ Kxf4 53. Qxh6+ Kxe5 54. Qxh3 Rc2 55. Bc7+ Kd4 56. Ra4+ Kc5 57. Qe3+ Kc6 58. Qb6+ Kd5 59. Rd4# 1-0

[Event "FRM-ch op 24th"]
[Site "Struga"]
[Date "2015.08.28"]
[Round "7"]
[White "Seviner, Kemal"]
[Black "Koskoska, Gabriela"]
[Result "1/2-1/2"]
[WhiteElo "1712"]
[BlackElo "2080"]
[PlyCount "64"]
[EventDate "2015.08.22"]
[EventType "swiss"]
[EventRounds "9"]
[EventCountry "MKD"]
[SourceTitle "EXT 2016"]
[Source "ChessBase"]
[SourceDate "2015.10.08"]
[SourceVersion "1"]
[SourceVersionDate "2015.10.08"]
[SourceQuality "1"]

1. e4 d5 2. exd5 Qxd5 3. Nc3 Qd8 4. d4 c6 5. Nf3 Bg4 6. Bc4 e6 7. Be3 Nf6 8. a3 Nbd7 9. h3 Bxf3 10. Qxf3 Nb6 11. Bd3 Nbd5 12. Ne4 Nxe4 13. Bxe4 Nf6 14. Bd3 Qd5 15. Qxd5 Nxd5 16. c4 Nxe3 17. fxe3 g6 18. Rd1 0-0-0 19. Be4 Bg7 20. b3 Rhe8 21. g3 Kc7 22. 0-0 f5 23. Bg2 b6 24. Rd2 c5 25. Rfd1 Bh6 26. Rd3 cxd4 27. exd4 e5 28. dxe5 Rxd3 29. Rxd3 Rxe5 30. Kf2 Bc1 31. a4 Ba3 32. Bd5 Re7 1/2-1/2